00957nam a2200217Ia 4500952010900000999001700109008004100126050002100167100002600188240003600214245008100250250001800331260003200349300003500381500004400416500007800460505012400538519004700662650002300709942000700732 00104070a11b11d2007-01-08l19oNC960 L63 1947p11 000559r2026-06-15s2026-06-10t1w2012-06-26yLB c68589d68589120626s1947 ag a 000 0 spa d aNC960 bL63 1947 aLoomis, Andreweautor aCreative ilustrationlespañol aIlustración creadora c/ Andrew, Loomis; traducción de Rodolfo J., Walsh a7a. edición aArgentina b: Hachatec1974 a289 páginasb: ilustraciones aTítulo original: Creative ilustration aIncluye: Indice, Charla preliminar, Charla final, Respuestas a preguntaas aLínea Tono Color Narración Creación de ideas Campos de la ilustración Experimentación y estudio  aMaterial Complementario/ d(11 000559)  0aDIBUJOxTÉCNICAS cLB